|
|
|
|
| LEADER |
00829nam a2200193 a 4500 |
| 001 |
GR-MES1072 |
| 008 |
991111s1990 gr 000 0 gre d |
| 040 |
|
|
|a GrPaTEI
|b gre
|c GR-PaULI
|
| 245 |
0 |
0 |
|a Οικονομική πολιτική
|n 1ος .
|p θεωρητική εισαγωγή.
|
| 250 |
|
|
|a 2η εκδ
|
| 260 |
|
|
|a Αθήνα :
|b Παπαζήσης,
|c 1990
|
| 300 |
|
|
|a 364σελ. :
|b πιν.
|
| 500 |
|
|
|a βιβλιογραφία:σελ(363-364)
|
| 650 |
|
4 |
|a Οικονομική πολιτική
|
| 700 |
1 |
|
|a Βαβούρας, Ιωάννης
|
| 942 |
|
|
|2 ddc
|
| 952 |
|
|
|0 0
|1 0
|2 ddc
|4 0
|6 338_900000000000000_ΒΑΒ
|7 0
|9 264916
|a MSLG
|b MSLG
|c BSC
|d 2021-01-17
|e 24
|f 0
|g 0.00
|l 0
|o 338.9 ΒΑΒ
|p 2420000005003
|r 2021-01-17 00:00:00
|t 1
|w 2021-01-17
|y BK15
|x 19991111 0 1
|x GrPaTEI
|
| 971 |
|
|
|a .b25721148
|b 16-04-20
|c 13-09-16
|
| 999 |
|
|
|c 152350
|d 152350
|